NFL Pro Bowl Linebackers 1990s - Statistics

General Stats
  • This quiz has been taken 2 times
  • The average score is 48 of 129
Answer Stats
Year Team Player % Correct
1999 Seahawks Chad Brown
100%
1998 Seahawks Chad Brown
100%
1996 Steelers Chad Brown
100%
1999 Jets Mo Lewis
100%
1998 Jets Mo Lewis
100%
1999 Ravens Ray Lewis
100%
1998 Ravens Ray Lewis
100%
1997 Ravens Ray Lewis
100%
1992 Oilers Al Smith
50%
1991 Oilers Al Smith
50%
1998 Broncos Bill Romanowski
50%
1996 Broncos Bill Romanowski
50%
1995 Dolphins Bryan Cox
50%
1994 Dolphins Bryan Cox
50%
1992 Dolphins Bryan Cox
50%
1997 Bills Bryce Paup
50%
1996 Bills Bryce Paup
50%
1995 Bills Bryce Paup
50%
1994 Packers Bryce Paup
50%
1994 Lions Chris Spielman
50%
1991 Lions Chris Spielman
50%
1990 Lions Chris Spielman
50%
1993 Bills Cornelius Bennett
50%
1992 Bills Cornelius Bennett
50%
1991 Bills Cornelius Bennett
50%
1990 Bills Cornelius Bennett
50%
1999 Buccaneers Derrick Brooks
50%
1998 Buccaneers Derrick Brooks
50%
1997 Buccaneers Derrick Brooks
50%
1997 Chiefs Derrick Thomas
50%
1996 Chiefs Derrick Thomas
50%
1995 Chiefs Derrick Thomas
50%
1994 Chiefs Derrick Thomas
50%
1993 Chiefs Derrick Thomas
50%
1992 Chiefs Derrick Thomas
50%
1991 Chiefs Derrick Thomas
50%
1990 Chiefs Derrick Thomas
50%
1995 Steelers Greg Lloyd
50%
1994 Steelers Greg Lloyd
50%
1993 Steelers Greg Lloyd
50%
1992 Steelers Greg Lloyd
50%
1991 Steelers Greg Lloyd
50%
1998 Falcons Jessie Tuggle
50%
1997 Falcons Jessie Tuggle
50%
1995 Falcons Jessie Tuggle
50%
1994 Falcons Jessie Tuggle
50%
1992 Falcons Jessie Tuggle
50%
1996 Oilers John Henry Mills
50%
1999 Chargers Junior Seau
50%
1998 Chargers Junior Seau
50%
1997 Chargers Junior Seau
50%
1996 Chargers Junior Seau
50%
1995 Chargers Junior Seau
50%
1994 Chargers Junior Seau
50%
1993 Chargers Junior Seau
50%
1992 Chargers Junior Seau
50%
1991 Chargers Junior Seau
50%
1997 49ers Ken Norton Jr.
50%
1995 49ers Ken Norton Jr.
50%
1993 Cowboys Ken Norton Jr.
50%
1998 Panthers Kevin Greene
50%
1996 Panthers Kevin Greene
50%
1995 Steelers Kevin Greene
50%
1994 Steelers Kevin Greene
50%
1990 Giants Lawrence Taylor
50%
1992 Broncos Michael Brooks
50%
1990 Browns Mike Johnson
50%
1992 Bears Mike Singletary
50%
1991 Bears Mike Singletary
50%
1990 Bears Mike Singletary
50%
1993 Lions Pat Swilling
50%
1992 Saints Pat Swilling
50%
1991 Saints Pat Swilling
50%
1990 Saints Pat Swilling
50%
1994 Browns Pepper Johnson
50%
1990 Giants Pepper Johnson
50%
1993 Saints Rickey Jackson
50%
1992 Saints Rickey Jackson
50%
1996 Panthers Sam Mills
50%
1992 Saints Sam Mills
50%
1991 Saints Sam Mills
50%
1992 Saints Vaughan Johnson
50%
1991 Saints Vaughan Johnson
50%
1990 Saints Vaughan Johnson
50%
1996 Eagles William Thomas
50%
1995 Eagles William Thomas
50%
1999 Dolphins Zach Thomas
50%
1991 49ers Charles Haley
0%
1990 49ers Charles Haley
0%
1997 Patriots Chris Slade
0%
1991 Bills Darryl Talley
0%
1990 Bills Darryl Talley
0%
1990 Steelers David Little
0%
1999 Cowboys Dexter Coakley
0%
1998 Vikings Ed McDaniel
0%
1999 Buccaneers Hardy Nickerson
0%
1998 Buccaneers Hardy Nickerson
0%
1997 Buccaneers Hardy Nickerson
0%
1996 Buccaneers Hardy Nickerson
0%
1993 Buccaneers Hardy Nickerson
0%
1994 Vikings Jack Del Rio
0%
1999 Giants Jessie Armstead
0%
1998 Giants Jessie Armstead
0%
1997 Giants Jessie Armstead
0%
1996 Cowboys Jim Schwantz
0%
1990 Dolphins John Offerdahl
0%
1993 Broncos Karl Mecklenburg
0%
1991 Broncos Karl Mecklenburg
0%
1997 Redskins Ken Harvey
0%
1996 Redskins Ken Harvey
0%
1995 Redskins Ken Harvey
0%
1994 Redskins Ken Harvey
0%
1999 Jaguars Kevin Hardy
0%
1996 Panthers Lamar Lathon
0%
1997 49ers Lee Woodall
0%
1995 49ers Lee Woodall
0%
1990 Chargers Leslie O'Neal
0%
1997 Steelers Levon Kirkland
0%
1996 Steelers Levon Kirkland
0%
1999 Ravens Peter Boulware
0%
1998 Ravens Peter Boulware
0%
1993 Saints Renaldo Turnbull
0%
1994 Cardinals Seth Joyner
0%
1993 Eagles Seth Joyner
0%
1991 Eagles Seth Joyner
0%
1990 Bills Shane Conlan
0%
1999 Lions Stephen Boyd
0%
1992 Redskins Wilber Marshall
0%
1998 49ers Winfred Tubbs
0%
No matching quizzes found
Score Distribution
Percent of People with Each Score
Percentile by Number Answered
Your Score History
You have not taken this quiz